Tìm hiểu tội xâm phạm tính mạng sức khỏe danh dự nhân phẩm con người

Na minha lista:
Detalhes bibliográficos
Autor principal: TRẦN MINH HƯỞNG
Formato: Livro
Idioma:Undetermined
Publicado em: Lao Động 2002
Tags: Adicionar Tag
Sem tags, seja o primeiro a adicionar uma tag!
Thư viện lưu trữ: Trung tâm Học liệu Trường Đại học Cần Thơ
LEADER 00493nam a2200145Ia 4500
001 CTU_49741
008 210402s9999 xx 000 0 und d
082 |a 345.5970235 
082 |b H561 
100 |a TRẦN MINH HƯỞNG 
245 0 |a Tìm hiểu tội xâm phạm tính mạng sức khỏe danh dự nhân phẩm con người 
245 0 |c TRẦN MINH HƯỞNG 
260 |b Lao Động 
260 |c 2002 
980 |a Trung tâm Học liệu Trường Đại học Cần Thơ